| 000 | 01228pcm a2200349 a 4500 | ||
|---|---|---|---|
| 001 | 5620411 | ||
| 003 | SISC | ||
| 005 | 20160321133353.0 | ||
| 008 | 910102s1991 nyusga j n eng | ||
| 010 | _a 90027297 | ||
| 020 | _a97806895049454 | ||
| 040 |
_aDLC _cDLC _dDLC |
||
| 043 | _an-us--- | ||
| 048 |
_avn01 _aka01 |
||
| 050 | 0 | 0 |
_aM1670 _b.L 285 1991 |
| 082 |
_aHS 782.25 _b C61 1991 |
||
| 100 |
_aJohn Langstaff _913925 |
||
| 245 | 0 | 0 |
_aClimbing Jacob's ladder : _bheroes of the Bible in African-American spirituals / _cselected and edited by John Langstaff ; illustrated by Ashley Bryan ; piano arrangements by John Andrew Ross. |
| 250 | _a1st ed. | ||
| 260 |
_aNew York : _bMaxwell Macmillan International, _cc1991. |
||
| 300 |
_a1 close score (22 p.) : _bcol. ill. ; _c26 cm. |
||
| 562 | _eFor circulation. One copy available in the collection. | ||
| 650 | 0 |
_aSpirituals (Songs) _xJuvenile. _913926 |
|
| 650 | 1 |
_aSpirituals (Songs) _913927 |
|
| 650 | 1 |
_aAfrican Americans _vMusic. _913928 |
|
| 700 | 1 |
_aLangstaff, John M. _913929 |
|
| 700 | 1 |
_aBryan, Ashley, _eill. _913930 |
|
| 700 | 1 |
_aRoss, John Andrew. _913931 |
|
| 906 |
_a7 _bcbc _corignew _d1 _encip _f19 _gy-genmusic |
||
| 942 |
_2lcc _cBK |
||
| 999 |
_c370 _d370 |
||